Studying land prices in chiang keap commune, kangal steung district, kandal province, សិក្សាពីតម្លៃដីនៅក្នុងឃុំជើងកើប ស្រុកកណ្ដាលស្ទឹង ខេត្តកណ្ដាល (Record no. 25773)

000 -LEADER
fixed length control field 00534nam a22001217a 4500
040 ## - CATALOGING SOURCE
Transcribing agency RUA
082 ## - DEWEY DECIMAL CLASSIFICATION NUMBER
Classification number LMA MON 2025 B701 Or.1
100 ## - MAIN ENTRY--AUTHOR NAME
Personal name MONG NY, ម៉ុង នី
245 ## - TITLE STATEMENT
Title Studying land prices in chiang keap commune, kangal steung district, kandal province, សិក្សាពីតម្លៃដីនៅក្នុងឃុំជើងកើប ស្រុកកណ្ដាលស្ទឹង ខេត្តកណ្ដាល
260 ## - PUBLICATION, DISTRIBUTION, ETC. (IMPRINT)
Place of publication PHNOM PENH
Name of publisher RUA
Year of publication 2025
300 ## - PHYSICAL DESCRIPTION
Number of Pages xii,54p.
Other physical details ill.
Dimensions 29cm.
942 ## - ADDED ENTRY ELEMENTS (KOHA)
Koha item type LMA
952 ## - LOCATION AND ITEM INFORMATION (KOHA)
Withdrawn status [LOCAL, KOHA] 0
952 ## - LOCATION AND ITEM INFORMATION (KOHA)
Withdrawn status [LOCAL, KOHA] 0
Holdings
Permanent Location Date acquired Koha item type Lost status Shelving location Barcode Current Location Full call number
Library Block B2026-05-18LMA B701B712355Library Block BLMA MON 2025 B701 Or.1
Library Block B2026-05-18LMA B701B712354Library Block BLMA MON 2025 B701 Or.2
មជ្ឈមណ្ឌលឯការនៃសាកលវិទ្យាល័យភូមិន្ទកសិកម្មចំការដូង

Powered by Koha